Europeismo y modernidad Ortega y la generación del 98 /
Elmentve itt :
| Szerző: | |
|---|---|
| Testületi szerző: | |
| Dokumentumtípus: | Könyv része |
| Megjelent: |
1999
|
| Sorozat: | Ész, élet, egzisztencia
EL 98 a la luz de la literatura y la filosofía : coloquio internacional, Szeged, 16-17 de octubre de 1998 |
| Kulcsszavak: | José Ortega y Gasset, Spanyol irodalom története - 1898 |
| Tárgyszavak: | |
| Online Access: | http://acta.bibl.u-szeged.hu/9515 |
| LEADER | 00924naa a2200229 i 4500 | ||
|---|---|---|---|
| 001 | acta9515 | ||
| 005 | 20211216103636.0 | ||
| 008 | 161015s1999 hu o 0|| spa d | ||
| 022 | |a 0866-028X | ||
| 040 | |a SZTE Egyetemi Kiadványok Repozitórium |b hun | ||
| 041 | |a spa | ||
| 100 | 1 | |a Szilágyi István | |
| 245 | 1 | 0 | |a Europeismo y modernidad |h [elektronikus dokumentum] : |b Ortega y la generación del 98 / |c Szilágyi István |
| 260 | |c 1999 | ||
| 300 | |a 88-98 | ||
| 490 | 0 | |a Ész, élet, egzisztencia | |
| 490 | 0 | |a EL 98 a la luz de la literatura y la filosofía : coloquio internacional, Szeged, 16-17 de octubre de 1998 | |
| 650 | 4 | |a Bölcsészettudományok | |
| 650 | 4 | |a Nyelvek és irodalom | |
| 695 | |a José Ortega y Gasset, Spanyol irodalom története - 1898 | ||
| 710 | |a Európai integráció - európai filozófia (1998) (Szeged) | ||
| 856 | 4 | 0 | |u http://acta.bibl.u-szeged.hu/9515/1/esz_007_088-098.pdf |z Dokumentum-elérés |